Vista normal
Vista MARC
Entrada Personal Name
Número de registros utilizados en: 1
001 - CONTROL NUMBER
- control field: 44449
003 - CONTROL NUMBER IDENTIFIER
- control field: OSt
005 - DATE AND TIME OF LATEST TRANSACTION
- control field: 20251126161215.0
008 - FIXED-LENGTH DATA ELEMENTS
- fixed length control field: 251126|| aca||aabn | a|a d
040 ## - CATALOGING SOURCE
- Original cataloging agency: OSt
- Transcribing agency: OSt
100 ## - HEADING--PERSONAL NAME
- Personal name: Pérez Aguirre, Luis,
- Dates associated with a name: 1941 - 2001
670 ## - SOURCE DATA FOUND
- Source citation: Work cat.: (OSt)31119: Pérez Aguirre, Luis, 1941 - 2001 autor , La opción entrañable /